| 000 | 00449cam a22001337a 4500 | ||
|---|---|---|---|
| 008 | 180718b1972 xxu||||| |||| 00| 0 eng d | ||
| 082 | _aT3942x54 In2/RU/1969 | ||
| 100 | _aTariff Commission | ||
| 245 |
_aReport on revision of minimum prices of raw rubber, Bombay, 1969 _cby Tariff Commission, India |
||
| 260 |
_aDelhi _bThe Manager of Publications _c1972 |
||
| 300 | _a69+p. | ||
| 500 | _aChairman: B.N. Banerji | ||
| 700 | _aBanerji, B.N. (Chairman) | ||
| 999 |
_c489731 _d489731 |
||